000 00257nam a2200109Ia 4500
008 151001s9999||||xx |||||||||||||| ||und||
100 _a राहुल
245 _aदोषी कौन
260 _bडायमंड
300 _a190
365 _b17
999 _c969786
_d969783